Statistics for Topological Map of the States of Brazil

Click here to take the quiz!

General Stats

  • This quiz has been taken 200 times
  • The average score is 19 of 27

Answers on the Map

Answers color-coded by a green-red scale on the quiz's map according to % correct below.
 

Answer Stats

Answer% Correct
Distrito Federal
89%
Rio Grande do Sul
83%
Amazonas
81%
Rio de Janeiro
81%
Mato Grosso
78%
Acre
76%
Goiás
76%
Mato Grosso do Sul
76%
Minas Gerais
75%
Santa Catarina
75%
Paraná
74%
Espirito Santo
72%
São Paulo
71%
Bahia
69%
Pará
68%
Amapá
64%
Tocantins
64%
Pernambuco
62%
Maranhão
61%
Rio Grande do Norte
61%
Roraima
61%
Ceará
59%
Sergipe
57%
Paraíba
56%
Alagoas
55%
Piauí
55%
Rondônia
54%

Score Distribution

Percentile by Number Answered

Percent of People with Each Score

Your Score History

You have not taken this quiz